00442nam a2200169Ia 4500020001800000082001600018245003500034260003100069300001000100504001900110650002100129650002400150650002200174650002500196650002500221700002600246 a81-7635-063-x a004.65 DES; 0aDesigning interactive websites aNew DelhibTechmediac1998 a457p. aIncludes index aComputer science aWebsite development aComputer networks aComputer programming aInternet programming aGong Szeto...[et al].